Európska identita v kontexte modernizácie a diverzifikácie výučby cudzích jazykov

Výučba cudzích jazykov na Slovensku od detstva až po vysoké školy. Výučba na Ekonomickej univerzite v Bratislave.

Gespeichert in:
Bibliographische Detailangaben
1. Verfasser: Hrivíková, Tatiana, 1959-
Format: Buchkapitel
Sprache:Slowakisch
Schlagworte:
Tags: Tag hinzufügen
Keine Tags, Fügen Sie das erste Tag hinzu!

MARC

LEADER 00000naa$a2200000$$$4500
001 0144854
005 20240502083335.3
041 0 |a slo 
044 |a CZ 
245 1 0 |a Európska identita v kontexte modernizácie a diverzifikácie výučby cudzích jazykov  |c Tatiana Hrivíková 
520 |a Výučba cudzích jazykov na Slovensku od detstva až po vysoké školy. Výučba na Ekonomickej univerzite v Bratislave. 
610 2 0 |a jazyky cudzie 
610 2 0 |a jazyk odborný 
610 2 0 |a vyučovanie 
610 2 0 |a výučba vedecká 
610 2 0 |a modernizácia 
610 2 0 |a komunikácia multikultúrna 
610 2 0 |a Ekonomická univerzita v Bratislave 
100 1 |a Hrivíková, Tatiana, 1959-